000 00615nam a2200229Ia 4500
003 OSt
005 20220918203255.0
006 a|||||r|||| 00| 0
007 ta
008 220917b |||||||| |||| 00| 0 eng d
024 _a107,178
037 _cTextual
040 _aARTS
_cARTS
_beng
041 _2eng
_aeng
082 _aV3:1:N61<-N45, L1
100 _aGoldsworthy David
_9107685
245 0 _aColonial issues in British politics 1945-1961
260 _aNA
_bNA
_c1971
650 _aHISTORY
942 _hV3:1:N61<-N45, L1
_cTEXL
_2CC
999 _c230536
_d230536